| 000 | 00706nam a22001937a 4500 | ||
|---|---|---|---|
| 999 |
_c193737 _d193737 |
||
| 005 | 20221114120250.0 | ||
| 010 | _aUR-11761 | ||
| 020 |
_a9789392496301 _c300.00 |
||
| 035 | _aU-10316 | ||
| 037 |
_bDBAD/PUB _a- |
||
| 082 | _a841 | ||
| 100 | _aرام داس پریمی انسان | ||
| 245 |
_aانقلاب و انتخاب کلام : _b(مجموعہ کلام) / _cرام داس پریمی انسان _hا ر د و |
||
| 246 |
_aInqalaab-o-intekhaab-e-kalaam / _bby Ramdas Premi Insaan |
||
| 260 |
_aNew Delhi _bEducational Publishing House _c2021 ء |
||
| 270 |
_aH.O. D1/16, Ansari Road, Daryaganj _bNew Delhi _e110002 |
||
| 300 |
_a212 ص _c23cm(Hb) |
||
| 942 |
_2ddc _cUR _h841 _mر ا م |
||